Archipels du monde (nombre d'îles) - Statistiques

Statistiques générales
  • Ce quiz a été pris 351 fois
    311 depuis la dernière actualisation
  • Le résultat moyen est 6 sur 23
Statistiques - réponses
Nombre d'îles Archipel Continent % Correct
6 852 Japon Asie
64%
7 641 Philippines Asie
62%
36 563 Arctique Canadien Amérique du Nord
57%
6 500 Vega Europe
55%
~ 1 800 Micronésie Océanie
54%
~ 24 000 Stockholm Europe
51%
~ 1 100 Polynésie Océanie
47%
~ 50 000 Finlandais Europe
45%
1 199 Maldives Asie
37%
115 Seychelles Afrique
36%
~ 6 000 Îles Britanniques Europe
31%
~ 4 900 Antilles Amérique du Nord
27%
~ 250 Cyclades Europe
19%
~ 1 700 Mélanésie Océanie
12%
~ 13 500 Îles de la Sonde Asie
10%
~ 1 000 Terre de Feu Amérique du Sud
9%
300 Îles Aléoutiennes Amérique du Nord
8%
204 Andaman Asie
5%
164 Dodécanèse Europe
4%
52 Mascareignes Afrique / Europe
4%
698 Croate Europe
2%
68 Macaronésie Afrique / Europe
2%
~ 2 500 Coréen Asie
1%
Aucun quiz correspondant
Distribution des résultats
% des personnes avec chaque résultat
Percentile par nombre de réponses
Votre historique - résultats
Vous n’avez pas pris ce quiz depuis la dernière actualisation